000 00488nam a22001817a 4500
003 CEME
005 20210628201728.0
008 210204b xxu||||| |||| 00| 0 eng d
020 _a81-224-1386-2
040 _c.
082 _a620.106 DUR
100 _aDurgaiah, D.Rama
_956557
245 _aFluid mechanics and machinery
260 _aNEW DELHI
_bNEW AGE INTERNATIONAL PUBLISHER
_c2002
300 _aXXVIII,884P
650 _aFLUID MECHANICS AND MACHINERY
_956558
942 _cBK
_2ddc
999 _c566948
_d566948